My Ranking of Countries, US States, and Canadian Provinces - Statistics

General Stats
  • This quiz has been taken 21 times
    19 since last reset
  • The average score is 115 of 208
Answer Stats
Placement Country % Correct
1 Croatia
100%
4 Estonia
91%
3 Iceland
91%
6 Ireland
91%
2 Netherlands
91%
5 Georgia
73%
2 Massachusetts
73%
7 Montenegro
73%
1 Utah
73%
12 Alaska
64%
13 Alberta
64%
3 Argentina
64%
13 Arkansas
64%
11 Australia
64%
8 Belarus
64%
13 Brazil
64%
4 British Columbia
64%
1 Canada
64%
2 Chile
64%
40 China
64%
7 Colorado
64%
11 Cuba
64%
14 Denmark
64%
9 Dominican Republic
64%
47 England/UK
64%
16 Finland
64%
43 France
64%
25 Greece
64%
14 Haiti
64%
28 Hungary
64%
25 Japan
64%
5 Louisiana
64%
1 Manitoba
64%
4 Minnesota
64%
11 Montana
64%
6 New Brunswick
64%
9 Newfoundland and Labrador
64%
9 New Hampshire
64%
12 New Zealand
64%
10 North Dakota
64%
10 Norway
64%
12 Ontario
64%
10 Papua New Guinea
64%
11 Peru
64%
5 Qatar
64%
8 Quebec
64%
14 Rhode Island
64%
50 Romania
64%
35 Russia
64%
20 Sweden
64%
22 Switzerland
64%
3 The Bahamas
64%
41 Ukraine
64%
5 United States
64%
8 Vermont
64%
39 Afghanistan
55%
47 Alabama
55%
44 Andorra
55%
39 Arizona
55%
37 Austria
55%
27 Azerbaijan
55%
4 Bahrain
55%
21 Belize
55%
6 Bolivia
55%
24 Bosnia and Herzegovina
55%
49 Bulgaria
55%
49 California
55%
12 Colombia
55%
6 Costa Rica
55%
40 Cyprus
55%
9 Czech Republic
55%
37 Delaware
55%
10 Ecuador
55%
9 Fiji
55%
40 Florida
55%
22 Guatemala
55%
1 Guyana
55%
15 Hawai'i
55%
23 Idaho
55%
44 Illinois
55%
43 India
55%
21 Indiana
55%
43 Iowa
55%
27 Iran
55%
42 Iraq
55%
34 Israel
55%
12 Jamaica
55%
2 Jordan
55%
48 Kansas
55%
11 Kazakhstan
55%
46 Kentucky
55%
1 Kiribati
55%
39 Kosovo
55%
35 Kuwait
55%
26 Latvia
55%
15 Luxembourg
55%
3 Maine
55%
38 Maryland
55%
23 Mexico
55%
45 Missouri
55%
14 Nauru
55%
6 Nevada
55%
33 New Jersey
55%
34 New Mexico
55%
32 New York
55%
8 Nicaragua
55%
3 Northwest Territories
55%
2 Nova Scotia
55%
27 Ohio
55%
41 Oklahoma
55%
17 Oman
55%
26 Oregon
55%
7 Palau
55%
15 Panama
55%
36 Pennsylvania
55%
31 Philippines
55%
46 Poland
55%
5 Prince Edward Island
55%
7 Saskatchewan
55%
30 Scotland
55%
21 Serbia
55%
6 Solomon Islands
55%
35 South Carolina
55%
17 South Dakota
55%
45 Spain
55%
2 St. Lucia
55%
4 St. Vincent and the Grenadines
55%
9 Suriname
55%
38 Syria
55%
42 Tennessee
55%
50 Texas
55%
16 Thailand
55%
2 Tonga
55%
52 Turkey
55%
4 Tuvalu
55%
22 United Arab Emirates
55%
8 Uruguay
55%
15 Uzbekistan
55%
5 Vanuatu
55%
4 Venezuela
55%
41 Vietnam
55%
18 West Virginia
55%
30 Wisconsin
55%
16 Wyoming
55%
7 Yemen
55%
11 Yukon
55%
38 Albania
45%
19 Antigua and Barbuda
45%
33 Armenia
45%
24 Bangladesh
45%
10 Barbados
45%
23 Belgium
45%
8 Bhutan
45%
20 Brunei
45%
26 Cambodia
45%
22 Connecticut
45%
17 Dominica
45%
3 East Timor
45%
13 El Salvador
45%
5 French Guiana
45%
25 Georgia
45%
48 Germany
45%
16 Grenada
45%
18 Honduras
45%
19 Indonesia
45%
36 Kyrgyzstan
45%
23 Laos
45%
21 Lebanon
45%
32 Liechtenstein
45%
29 Lithuania
45%
32 Malaysia
45%
1 Maldives
45%
11 Malta
45%
8 Marshall Islands
45%
29 Michigan
45%
3 Micronesia
45%
20 Mississippi
45%
42 Moldova
45%
17 Monaco
45%
6 Mongolia
45%
14 Myanmar
45%
28 Nebraska
45%
13 Nepal
45%
19 North Carolina
45%
13 Northern Ireland
45%
33 North Korea
45%
34 North Macedonia
45%
10 Nunavut
45%
29 Pakistan
45%
7 Paraguay
45%
18 Portugal
45%
13 Samoa
45%
51 San Marino
45%
10 Saudi Arabia
45%
30 Singapore
45%
12 Slovakia
45%
19 Slovenia
45%
37 South Korea
45%
18 Sri Lanka
45%
20 St. Kitts and Nevis
45%
12 Tajikistan
45%
7 Trinidad and Tobago
45%
9 Turkmenistan
45%
36 Vatican City
45%
31 Virginia
45%
31 Wales
45%
24 Washington
45%
28 Taiwan
36%
No matching quizzes found
Score Distribution
Percent of People with Each Score
Percentile by Number Answered
Your Score History
You have not taken this quiz since the last reset